000 01068nam a2200325 i 4500
005 20220317002007.0
007 ta
008 201029b2017 ck jr 000 fdspa d
020 _a9789580006473
040 _aCO-BoRNBP
_bspa
_erda
_cCO-BoRNBP
041 0 _aspa
084 _aN ALC3
100 1 _aAlcolea, Ana
_d1962-
_eautora
245 1 3 _aEl viaje de las estrellas doradas
_cAna Alcolea
250 _aPrimera edición
264 1 _aBogotá
_bEducativa
_bNorma
_c2017
300 _a273 páginas
_c21 cm
336 _2rdacontent
_atexto
_btxt
337 _2rdamedia
_asin mediación
_bn
338 _2rdacarrier
_avolumen
_bnc
490 0 _aZona libre
521 _aRecomendado para un público mayor de 15 años
545 _aIncluye datos biográficos de la autora en la solapa
650 1 7 _2LEMB
_aNovela juvenil española
_ySiglo XX
650 1 7 _2LEMB
_aLiteratura juvenil española
_ySiglo XX
650 1 7 _2LEMB
_aGuerra Mundial II, 1939-1945
_vNovela
650 1 7 _2LEMB
_aRefugiados judíos
_vNovela
650 1 7 _2LEMB
_aCartas
_vNovela
942 _2loc
_cBKLIT
999 _c8826
_d8826